| 000 | 00399nam a2200133Ia 4500 | ||
|---|---|---|---|
| 005 | 20260326100025.0 | ||
| 008 | 260326s9999||||xx |||||||||||||| ||und|| | ||
| 100 | _aSolaguren Beascoa, Félix | ||
| 245 | 0 |
_aArne Jacobsen : _b Aproximación a la Obra completa 1926-1949 / _cFélix Solaguren Beascoa |
|
| 260 | _bFundación Caja de Arquitectos | ||
| 300 | _a203 p. | ||
| 650 | _aARQUITECTOS | ||
| 942 | _cBK | ||
| 999 |
_c6374 _d6374 |
||